Sports Quiz

Random Sports or NHL Quiz

NHL teams home town Quiz Stats

 Plays Quiz not verified by Sporcle

Challenge
Share
Tweet
Embed
Score 0/30 Timer 07:00
0 Plays Today
Team Home town % Correct
RangersNew York
97.4%
IslandersNew York
97.4%
Maple LeafsToronto
87.2%
OilersEdmonton
87.2%
PenguinsPittsburgh
84.6%
FlyersPhiladelphia
84.6%
SabersBuffalo
84.6%
SenatorsOttawa
84.6%
BruinsBoston
84.6%
CanadiensMontreal
84.6%
LightningTampa Bay
84.6%
RedwingsDetroit
84.6%
BlackhawksChicago
84.6%
PredatorsNashville
84.6%
CanucksVancouver
84.6%
Team Home town % Correct
FlamesCalgary
84.6%
StarsDallas
84.6%
SharksSan Jose
84.6%
DevilsNew Jersey
82.1%
CapitalsWashington
82.1%
HurricanesCarolina
82.1%
BluesSt Louis
82.1%
WildMinnesota
82.1%
CoyotesPhoenix
82.1%
KingsLos Angeles
82.1%
DucksAnaheim
82.1%
PanthersFlorida
79.5%
Blue JacketsColumbus
79.5%
AvalancheColorado
79.5%
JetsWinnipeg
76.9%

You're not logged in!

Compare scores with friends on all Sporcle quizzes.
Join for Free
OR
Log In

You Might Also Like...

Show Comments

Extras

Created Nov 13, 2011ReportNominate
Tags:NHL Quiz, home, team, town

Top Quizzes Today


Score Distribution

Your Account Isn't Verified!

In order to create a playlist on Sporcle, you need to verify the email address you used during registration. Go to your Sporcle Settings to finish the process.

Report this User

Report this user for behavior that violates our Community Guidelines.

Details: